[Event "Schwarzach op-B 26th"]
[Site "Schwarzach"]
[Date "2011.08.20"]
[Round "1.5"]
[White "Gasteyer, Herbert"]
[Black "Dauer, Maximilian"]
[Result "0-1"]
[WhiteElo "1736"]
[BlackElo "1913"]
[PlyCount "92"]
[EventDate "2011.08.20"]
[EventType "swiss"]
[EventRounds "9"]
[EventCountry "AUT"]
[SourceTitle "EXT 2024"]
[Source "ChessBase"]
[SourceDate "2023.10.10"]
[SourceVersion "1"]
[SourceVersionDate "2023.10.10"]
[SourceQuality "1"]

1. d4 d5 2. Bg5 h6 3. Bh4 g5 4. Bg3 Bg7 5. e3 Nf6 6. Bd3 c5 7. c3 Qb6 8. Qb3 c4 9. Qxb6 axb6 10. Bc2 Nc6 11. h4 b5 12. Nd2 b4 13. Ne2 b3 14. Bb1 b5 15. a3 b4 16. cxb4 Nxb4 17. Nc3 Nh5 18. Be5 Bxe5 19. dxe5 g4 20. axb4 Rxa1 21. Nxd5 Bb7 22. e4 Bxd5 23. exd5 Nf4 24. d6 Nd3+ 25. Ke2 Nxe5 26. dxe7 Kxe7 27. f4 gxf3+ 28. gxf3 Re8 29. f4 Nc6 30. Nxc4 Kf6+ 31. Kd3 Nxb4+ 32. Kc3 Nd5+ 33. Kxb3 Rb8+ 34. Kc2 Rc8 35. Kb3 Rb8+ 36. Kc2 Ra4 37. b3 Rab4 38. Ba2 Rg8 39. Rh2 Rg4 40. Rd2 Nxf4 41. Kc3 Rb8 42. Rf2 Kg7 43. Nd6 Rd8 44. Rd2 Kf8 45. b4 Ne2+ 46. Kc2 Nd4+ 0-1